00346nam a2200133 a 4500008004100000050001600041100001800057245003900075246002800114260002400142350000900166650001100175650002600186120416s1979 ||||||||||||||||| || u aHD 6857 Ana aAnanaba, Wogu14aThe trade union movement in Africa apromise and performance aLondonbHurstc1979 a0.00 aLABOUR aLABOUR UNIONS--AFRICA